Bob Dylan Quiz - Statistics

General Stats
  • This quiz has been taken 102 times
  • The average score is 5 of 10
Answer Stats
Hint Answer % Correct
Did he ever have a number 1 single NO
87%
What year was he born 1941
81%
Who did he have an affair with Joan Baez
76%
What song did the Byrds' cover that was a number 1 single Mr. Tambourine Man
59%
Where was Bob Dylan born Duluth, Minnesota
49%
What was his backing group called The Band
47%
Who is on the cover of "The Freewheeling Bob Dylan" with him Suze Rotolo
43%
Who is his son who is in the Wallflowers Jakob Dylan
35%
What super group was he a part of Traveling Wilburys
23%
What was his pseudonym before "Bob Dylan" Elston Gunn
10%
No matching quizzes found
Score Distribution
Percent of People with Each Score
Percentile by Number Answered
Your Score History
You have not taken this quiz